El exorcista
Regan, una niña de doce años, sufre fenómenos paranormales como la levitación o la manifestación de una fuerza sobrehumana. Su madre, aterrorizada, tras someter a su hija a múltiples análisis médicos que no ofrecen ningún resultado, acude a un sacerdote con estudios de psiquiatría. Éste, convencido...
Guardado en:
| Autor Principal: | |
|---|---|
| Autor Corporativo: | |
| Otros Autores: | , , |
| Formato: | |
| Idioma: | Undetermined |
| Publicado: |
Estados Unidos :
Warner Bros. Pictures,
1973.
|
| Materias: | |
| Etiquetas: |
Agregar Etiqueta
Sin Etiquetas, Sea el primero en etiquetar este registro!
|
| LEADER | 01433ngm a22002415a 4500 | ||
|---|---|---|---|
| 001 | CEM.cems020650 | ||
| 008 | 231115s1973####xx#---############vlund#d | ||
| 005 | 20231115211251.0 | ||
| 245 | 1 | 0 | |a El exorcista |h [videograbación] / |c William Friedkin. |
| 260 | |a Estados Unidos : |b Warner Bros. Pictures, |c 1973. | ||
| 300 | |a 126'. | ||
| 520 | |a Regan, una niña de doce años, sufre fenómenos paranormales como la levitación o la manifestación de una fuerza sobrehumana. Su madre, aterrorizada, tras someter a su hija a múltiples análisis médicos que no ofrecen ningún resultado, acude a un sacerdote con estudios de psiquiatría. Éste, convencido de que el mal no es físico sino espiritual, cree que se trata de una posesión diabólica, y decide practicar un exorcismo... Adaptación de la novela de William Peter Blatty que se inspiró en un exorcismo real ocurrido en Washington en 1949 | ||
| 590 | |a Identificación anterior: 287 | ||
| 538 | |a Soporte: DVD -- Formato: AVI Peso: 787mb -- Resolución: 656 x 384 -- 25fps | ||
| 500 | |a Título original: The Exorcist Idioma: Inglés - Subtítulo: Español. | ||
| 100 | 1 | |a Friedkin, William. | |
| 700 | 1 | |a Burstyn, Ellen; Reparto. | |
| 700 | 1 | |a Blair, Linda; Reparto. | |
| 700 | 1 | |a Miller, Jason; Reparto. | |
| 710 | 2 | |a Warner Bros. Pictures. | |
| 653 | |a FICCIÓN | ||
| 653 | |a LARGOMETRAJE | ||
| 859 | |a CEMS |b BIB. CEMS - Depto. Recursos Didacticos |h 778.5 |i FRI |k DRD |p 3228.23 |t Ej.1 | ||
